300 prénoms féminins les plus populaires au Québec - 2019 - Statistiques

Statistiques générales
  • Ce quiz a été pris 45 fois
  • Le résultat moyen est 81 sur 309
Statistiques - réponses
Réponse % Correct
Emma
88%
Sophie
88%
Anna
81%
Laura
81%
Léa
81%
Lia
81%
Alice
75%
Anne
75%
Marie
75%
Sara
75%
Sarah
75%
Sophia
75%
Clara
69%
Jeanne
69%
Léana
69%
Camille
63%
Claire
63%
Elisa
63%
Florence
63%
Julia
63%
Léa-Rose
63%
Lena
63%
Lily-Rose
63%
Maria
63%
Olivia
63%
Rose
63%
Alicia
56%
Audrey
56%
Charlie
56%
Charlotte
56%
Emilie
56%
Emily
56%
Eve
56%
Justine
56%
Laurence
56%
Laurie
56%
Lou
56%
Margot
56%
Mathilde
56%
Zoé
56%
Amélie
50%
Aurélie
50%
Céline
50%
Chloé
50%
Eva
50%
Gabrielle
50%
Inès
50%
Juliette
50%
Louise
50%
Lucie
50%
Lucy
50%
Marion
50%
Nina
50%
Rosalie
50%
Rosaly
50%
Sofia
50%
Alexa
44%
Alexia
44%
Amélia
44%
Catherine
44%
Elena
44%
Elsa
44%
Emmanuelle
44%
Emmy
44%
Hanna
44%
Helena
44%
Lina
44%
Maëlle
44%
Margaux
44%
Adèle
38%
Alexandra
38%
Aria
38%
Clémence
38%
Delphine
38%
Éléonore
38%
Elia
38%
Elisabeth
38%
Elise
38%
Éloïse
38%
Emy
38%
Estelle
38%
Gaëlle
38%
Jade
38%
Joséphine
38%
Léane
38%
Léanne
38%
Maélie
38%
Maély
38%
Mia
38%
Morgane
38%
Naomi
38%
Noémie
38%
Océanne
38%
Rachel
38%
Alizée
31%
Anaïs
31%
Annabelle
31%
Coralie
31%
Ella
31%
Élodie
31%
Emilia
31%
Léonie
31%
Liana
31%
Maéva
31%
Marine
31%
Mélina
31%
Mila
31%
Myriam
31%
Océane
31%
Ophélie
31%
Romane
31%
Romie
31%
Romy
31%
Salomé
31%
Théa
31%
Victoria
31%
Yasmine
31%
Abby
25%
Abigaël
25%
Agathe
25%
Ariane
25%
Ava
25%
Aya
25%
Béatrice
25%
Célia
25%
Constance
25%
Diana
25%
Mya
25%
Evelyn
25%
Evelyne
25%
Jasmine
25%
Lana
25%
Lara
25%
Lila
25%
Lily
25%
Liv
25%
Livia
25%
Lya
25%
Marianne
25%
Maude
25%
Megan
25%
Mélissa
25%
Naomie
25%
Raphaëlle
25%
Rosie
25%
Tiffany
25%
Adeline
19%
Aicha
19%
Alyssa
19%
Amanda
19%
Amy
19%
Anaëlle
19%
Ariana
19%
Axelle
19%
Céleste
19%
Daphné
19%
Elie
19%
Eline
19%
Eliza
19%
Elizabeth
19%
Ellie
19%
Esther
19%
Eugénie
19%
Fatima
19%
Flavie
19%
Flora
19%
Gabriella
19%
Hannah
19%
Julianne
19%
Kelly
19%
Lilia
19%
Liliane
19%
Lilianne
19%
Lyana
19%
Lyanna
19%
Magalie
19%
Marguerite
19%
Mariam
19%
Marilou
19%
Maya
19%
Nora
19%
Pénélope
19%
Rebecca
19%
Serena
19%
Tessa
19%
Thalia
19%
Valentina
19%
Zoélie
19%
Abigail
13%
Aby
13%
Adriana
13%
Alessia
13%
Alexie
13%
Alix
13%
Alya
13%
Alyson
13%
Anabelle
13%
Arya
13%
Ashley
13%
Athéna
13%
Billie
13%
Blanche
13%
Camila
13%
Elina
13%
Frédérique
13%
Iris
13%
Isabella
13%
Juliana
13%
Kate
13%
Lauralie
13%
Leslie
13%
Leticia
13%
Louane
13%
Lydia
13%
Madeleine
13%
Madison
13%
Maryam
13%
Maxim
13%
Mégane
13%
Mélodie
13%
Melody
13%
Noélie
13%
Ophélia
13%
Rafaëlle
13%
Rita
13%
Scarlett
13%
Selena
13%
Simone
13%
Stella
13%
Violette
13%
Viviane
13%
Abigaëlle
6%
Abygaël
6%
Abygaëlle
6%
Aliyah
6%
Alycia
6%
Alyssia
6%
Amélya
6%
Amina
6%
Amira
6%
Anaève
6%
Anastasia
6%
Bella
6%
Brianna
6%
Camélia
6%
Dahlia
6%
Dalia
6%
Daphnée
6%
Eleanor
6%
Eliana
6%
Eliane
6%
Emma-Rose
6%
Esmée
6%
Eva-Rose
6%
Everly
6%
Félicia
6%
Floralie
6%
Grace
6%
Hailey
6%
Hope
6%
Ivy
6%
Jana
6%
Kayla
6%
Kenza
6%
Khadija
6%
Layla
6%
Leila
6%
Lexie
6%
Lexy
6%
Leyla
6%
Lilya
6%
Louna
6%
Luna
6%
Lyvia
6%
Mackenzie
6%
Madyson
6%
Mahée
6%
Maïka
6%
Maxime
6%
Nada
6%
Nadine
6%
Nellie
6%
Nelly
6%
Nelya
6%
Norah
6%
Nour
6%
Riley
6%
Ruby
6%
Salma
6%
Sienna
6%
Talia
6%
Yara
6%
Zoey
6%
Adaline
0%
Adélie
0%
Alexe
0%
Ariel
0%
Arielle
0%
Dina
0%
Jordane
0%
Koraly
0%
Kylie
0%
Leah
0%
Louana
0%
Malak
0%
Malia
0%
Malika
0%
Malorie
0%
Skye
0%
Aucun quiz correspondant
Distribution des résultats
% des personnes avec chaque résultat
Percentile par nombre de réponses
Votre historique - résultats
Vous n’avez pas pris ce quiz